Exposition guide

Bibliographic Details
Main Author: Malečková, Katarína, 1957- (Author)
Corporate Author: Slovenské národné múzeum Múzeum Bojnice Slovensko (Author)
Other Authors: Dufek, Peter Svatoslav (gup), Gross, Milan, 1957- (fot)
Format: Book
Language:English
PhysicalDescription:20 s. fotogr. 20x14 cm
Published: [Bratislava] Slovenské národné múzeum 1997
ISBN:8085753952
Subjects:

MARC

LEADER 00000nam a2200000 a 4500
001 vtls001304879
003 SK-MaSNL
005 20260301055412.0
008 240314s1997 xo b y 0 eng
015 |a SNBE1998/02-01287 
020 |a 8085753952 
035 |a SNK000257092 
040 |a SNK  |b slo  |c SNK  |e AACR2 
041 0 |a eng 
044 |a xo  |c SK 
080 |a 069.6.02(083.9)=20  |2 1981 
100 1 |a Malečková, Katarína,  |d 1957-  |4 aut  |9 226530 
245 1 0 |a Exposition guide  |c Katarína Malečková ; graphic Peter Svatoslav Dufek ; photos Milan Gross 
260 |a [Bratislava]  |b Slovenské národné múzeum  |c 1997 
300 |a 20 s.  |b fotogr.  |c 20x14 cm 
500 |a 3000 výt. 
610 2 7 |a Múzeum Bojnice  |2 SNK  |9 166786 
651 7 |a 307  |2 SNK  |9 368951 
700 1 |a Dufek, Peter Svatoslav  |4 gup  |9 43502 
700 1 |a Gross, Milan,  |d 1957-  |4 fot  |9 108495 
710 2 |a Slovenské národné múzeum  |b Múzeum Bojnice Slovensko  |4 aut  |9 368952 
919 |a 80-85753-95-2 
958 |a EKI 
958 |a TL 
958 |a BQ 
999 |c 613288  |d 615218 
952 |t P60, <03>, [BOOK], {603}  |a SNK  |b SNK  |y PREZ  |7 0  |p 17A0100303  |o snkOSD 8079  |i snkKSP 10259/97  |0 0  |1 0  |4 0  |d 1997-10-06  |l 0  |r 2005-01-02 00:00:00  |w 2026-02-23 
952 |t P60, <04>, [BOOK], {604}  |a SNK  |b SNK  |y VYP  |7 0  |p 17A0100304  |o snkOSD 8079 D1  |i snkKSP 10260/97  |0 0  |1 0  |4 0  |d 1997-10-06  |l 0  |r 2005-01-02 00:00:00  |w 2026-02-23